000 00370nam a2200145Ia 4500
008 230917s9999||||xx |||||||||||||| ||und||
040 _e51050
_aMAIN
041 _aEnglish
082 _a294.363 T362L
100 _aThomas, Edward J
245 4 _aThe life of Buddha as legend and history
260 _aLondon
_bRoutledge
_c1975
300 _axxiv, 297 p.
942 _cBK
999 _c195168
_d195168